|
|
|
|
| LEADER |
00000nam0a2200000 4500 |
| 001 |
94105 |
| 005 |
20260227112937.0 |
| 010 |
|
|
|a 576544590X
|
| 035 |
|
|
|a (RuTPU)RU\TPU\book\100797
|
| 090 |
|
|
|a 94105
|
| 100 |
|
|
|a 20060407d2006 km y0rusy5002 ca
|
| 101 |
0 |
|
|a rus
|
| 102 |
|
|
|a RU
|
| 105 |
|
|
|a ac z 001zb
|
| 200 |
1 |
|
|a Екатерина II. Алмазная Золушка
|f А. Бушков
|
| 210 |
|
|
|a СПб.
|a Москва
|c Нева
|d 2006
|
| 215 |
|
|
|a 376, [2] с., [8] л. ил.
|
| 225 |
1 |
|
|a Серия <Тайны великих>
|
| 320 |
|
|
|a Библиогр.: с. 372-377.
|
| 330 |
|
|
|a В своей книге Александр Бушков исследует новую эпоху российской истории - время правления Екатерины Великой. Автор не без оснований считает годы ее царствования самыми славными для России. Время, наполненное великим смыслом и эпохальными событиями, небывалым триумфом культуры и просвещения, время укрепления славы и могущества России. И все это благодаря Великой Женщине, сидевшей на троне, -Императрице, и в то же время Золушке... Такой Екатерины II, портрет которой создан А. Бушковым, вы еще не знали.
|
| 600 |
|
0 |
|a Екатерина Великая
|d II
|f 1729-1796
|c российская императрица с 1762
|c урожденная Софья Фредерика Августа Анхельт-Цербстская
|2 stltpui
|3 (RuTPU)RU\TPU\pers\98
|
| 606 |
|
|
|a Деятели политические и государственные
|x Персоналии
|y Россия
|z 1762-1801
|9 89188
|
| 610 |
1 |
|
|a монархия
|
| 610 |
1 |
|
|a императрицы
|
| 610 |
1 |
|
|a 18 век
|
| 686 |
|
|
|a Т3(2)513
|2 rubbk
|
| 700 |
|
1 |
|a Бушков
|b А. А.
|g Александр Александрович
|4 070
|
| 801 |
|
0 |
|a RU
|b RKP
|c 20060207
|g PSBO
|
| 801 |
|
1 |
|a RU
|b 63413507
|c 20060407
|g PSBO
|
| 801 |
|
2 |
|a RU
|b 63413507
|c 20120918
|g PSBO
|
| 942 |
|
|
|c BK
|